000 02336cam a2200325 4500500
005 20260329014729.0
041 _afre
042 _adc
100 1 0 _aGuénard, Florent
_eauthor
245 0 0 _aLes riches et les pauvres. Rawls et l’égalitarisme
260 _c2026.
500 _a99
520 _aRawls défend une conception égalitaire de la justice, sans invoquer un désir d’égalité car il juge peu probable que celui-ci puisse être partagé au sein d’une société. Il considère aussi que ce désir, particulièrement chez les plus pauvres, peut s’avérer déraisonnable. Cette position n’est pas incohérente : il est sans doute possible de parvenir à des résultats égalitaires à partir de motivations égoïstes. Mais elle se prive d’un ressort passionnel fondamental, sans doute parce que s’il apparaît à Rawls très probable que des institutions justes finissent par développer le sens de la justice, il n’envisage pas la formation d’une éducation publique à l’égalité qui soutiendrait l’adoption du principe de différence.
520 _aRawls defends an egalitarian conception of justice without invoking a desire for equality, as he believes it is unlikely that such a desire could be widely shared within a society. Furthermore, he believes that this aspiration, particularly among the poorest, may be unrealistic. This position is not inconsistent; egalitarian results can undoubtedly be achieved based on selfish motivations. However, this approach lacks a fundamental emotional driving force. This is probably because, although Rawls believes that fair institutions will ultimately develop a sense of justice, he does not envisage the formation of a public education system based on equality that would support the adoption of the difference principle.
690 _acoopération
690 _aégalité
690 _aincitation
690 _aJustice
690 _aA13
690 _aB10
690 _aB31
690 _aCooperation
690 _aEquality
690 _aIncentive
690 _aJustice
690 _aP16
690 _aP26
786 0 _nRevue de philosophie économique | - | 1 | 2026-02-19 | p. 9-31 | 1376-0971
856 4 1 _uhttps://shs.cairn.info/revue-revue-de-philosophie-economique-2026-1-page-9?lang=fr&redirect-ssocas=7080
999 _c1891612
_d1891612